000 00748nam a2200253 a 4500
001 BRL_1826
005 20190320211402.0
008 060815s2002----mx-a######---#000-0#spa-#
020 _a9706830758
041 _aspa
044 _amx
050 4 _aTT28
_b.O74 2002
100 1 _aOrellana, Margarita de
_921007
245 1 0 _aLa mano artesanal
_cMargarita de Orellana.
260 _aMéxico
_bArtes de México, Secretaria de Desarrollo Social
_c2002
300 _a84 p.
_bil.
_c23 cm.
440 0 _aColección Las manos de México
_927984
500 _aej.1 Au2246, ej.2 Au2245
500 _aLa biblioteca cuenta con 2 ejemplares
504 _aBibliografía: p.84
650 1 4 _aArtesanías
_zMéxico
_93976
902 _aGRL
942 _2lcc
_cB
999 _c10634
_d10634